[Event "Open 2004 des PSV Rostock"]
[Site "Rostock"]
[Date "2004.08.28"]
[Round "5.23"]
[White "Hamann, Dirk"]
[Black "Knoblauch, Raphael"]
[Result "1/2-1/2"]
[WhiteElo "1818"]
[BlackElo "1609"]
[PlyCount "42"]
[EventDate "2004.08.26"]
[EventType "swiss"]
[EventRounds "7"]
[EventCountry "GER"]
[Source "Th. Schwetlick"]
[SourceDate "2004.09.01"]

1. e4 c5 2. Nf3 Nc6 3. d4 cxd4 4. Nxd4 Nf6 5. Nc3 e5 6. Nxc6 bxc6 7. Bc4 Bb4 8.
O-O Bxc3 9. bxc3 Nxe4 10. Qe2 d5 11. Bd3 O-O 12. Bxe4 dxe4 13. Qxe4 Qd5 14. Re1
f6 15. Ba3 Qxe4 16. Rxe4 Bf5 17. Rc4 Rfc8 18. f4 Be6 19. Ra4 exf4 20. Rxf4 Rd8
21. Rd4 Rd5 1/2-1/2

[Event "Open 2004 des PSV Rostock"]
[Site "Rostock"]
[Date "2004.08.28"]
[Round "5.24"]
[White "Ehlers, Michael"]
[Black "Kolbe, Jana"]
[Result "0-1"]
[WhiteElo "1592"]
[BlackElo "2072"]
[PlyCount "34"]
[EventDate "2004.08.26"]
[EventType "swiss"]
[EventRounds "7"]
[EventCountry "GER"]
[Source "Th. Schwetlick"]
[SourceDate "2004.09.01"]

1. f4 e5 2. e4 d5 3. exd5 exf4 4. Nf3 Bg4 5. Bc4 Bc5 6. c3 Bxf3 7. Qxf3 Qh4+ 8.
Kd1 Bd6 9. Re1+ Ne7 10. d3 O-O 11. Nd2 Nd7 12. Ne4 Ne5 13. Qxf4 Qh5+ 14. Re2
Nxc4 15. Nxd6 Nxd6 16. g4 Qh4 17. Rxe7 Qxe7 0-1

[Event "Open 2004 des PSV Rostock"]
[Site "Rostock"]
[Date "2004.08.28"]
[Round "5.25"]
[White "Wiese, Frank"]
[Black "Vladov, Mark"]
[Result "1-0"]
[WhiteElo "1902"]
[BlackElo "1689"]
[PlyCount "63"]
[EventDate "2004.08.26"]
[EventType "swiss"]
[EventRounds "7"]
[EventCountry "GER"]
[Source "Th. Schwetlick"]
[SourceDate "2004.09.01"]

1. d4 g6 2. c4 Bg7 3. Nc3 Nf6 4. e4 d6 5. f3 a6 6. Be3 c6 7. Bd3 Nbd7 8. Nge2
e5 9. d5 cxd5 10. cxd5 b5 11. a3 O-O 12. Qd2 Nb6 13. b3 Ne8 14. O-O f5 15. Na2
f4 16. Bf2 Nd7 17. Rfc1 g5 18. Nb4 Qf6 19. h3 h5 20. Kh1 Bh6 21. Ng1 g4 22. Nc6
Bb7 23. Qa5 Bg5 24. Ra2 Rc8 25. Rac2 Kh7 26. Na7 Rxc2 27. Rxc2 Qd8 28. Qxd8
Bxd8 29. Nc6 Bxc6 30. Rxc6 g3 31. Ba7 Bc7 32. Rxa6 1-0

[Event "Open 2004 des PSV Rostock"]
[Site "Rostock"]
[Date "2004.08.28"]
[Round "5.26"]
[White "Henschke, Andrea"]
[Black "Zur, Jan"]
[Result "0-1"]
[WhiteElo "1600"]
[BlackElo "1840"]
[PlyCount "80"]
[EventDate "2004.08.26"]
[EventType "swiss"]
[EventRounds "7"]
[EventCountry "GER"]
[Source "Th. Schwetlick"]
[SourceDate "2004.09.01"]

1. f4 d5 2. Nf3 c5 3. e3 Nc6 4. b3 Qc7 5. Bb2 Nf6 6. Bb5 Bd7 7. Bxc6 Bxc6 8.
Ne5 e6 9. d3 Bd6 10. O-O O-O-O 11. Nd2 Qe7 12. Ndf3 h5 13. Qe1 Ng4 14. h3 Nxe5
15. Nxe5 Be8 16. a3 f6 17. Nf3 e5 18. fxe5 fxe5 19. d4 cxd4 20. exd4 e4 21. Ne5
Bxe5 22. dxe5 Bc6 23. Bd4 g5 24. Qg3 Rdg8 25. Rf2 h4 26. Qc3 g4 27. Raf1 gxh3
28. Qxh3+ Kb8 29. e6 Rh6 30. Rf6 Rxf6 31. Rxf6 Qxa3 32. Qxh4 Qc1+ 33. Kh2 Qd2
34. Be5+ Ka8 35. Rf2 Qb4 36. Qh7 Re8 37. Qf7 e3 38. Re2 Qe4 39. Qf3 Qxe5+ 40.
g3 Rh8+ 0-1

[Event "Open 2004 des PSV Rostock"]
[Site "Rostock"]
[Date "2004.08.28"]
[Round "5.27"]
[White "Laser, Dirk"]
[Black "Prueter, Reinhard"]
[Result "1-0"]
[WhiteElo "1822"]
[BlackElo "1637"]
[PlyCount "49"]
[EventDate "2004.08.26"]
[EventType "swiss"]
[EventRounds "7"]
[EventCountry "GER"]
[Source "Th. Schwetlick"]
[SourceDate "2004.09.01"]

1. e4 d6 2. d4 Nf6 3. Nc3 g6 4. Be3 Bg7 5. Qd2 a6 6. O-O-O b5 7. f3 O-O 8. g4
Bb7 9. h4 Nbd7 10. h5 b4 11. Nce2 c5 12. hxg6 fxg6 13. Bh6 Rf7 14. Bxg7 Rxg7
15. Nf4 Nf8 16. dxc5 Qa5 17. Bc4+ Kh8 18. cxd6 exd6 19. Qxd6 Nxe4 20. fxe4 Bxe4
21. Rh2 Qg5 22. Ngh3 Qe7 23. Qxe7 Rxe7 24. Re1 Rae8 25. Rhe2 1-0

[Event "Open 2004 des PSV Rostock"]
[Site "Rostock"]
[Date "2004.08.28"]
[Round "5.28"]
[White "Mueggenburg, Rolf"]
[Black "Ernst, Mathias"]
[Result "0-1"]
[WhiteElo "1502"]
[BlackElo "1713"]
[PlyCount "90"]
[EventDate "2004.08.26"]
[EventType "swiss"]
[EventRounds "7"]
[EventCountry "GER"]
[Source "Th. Schwetlick"]
[SourceDate "2004.09.01"]

1. Nc3 c5 2. d4 cxd4 3. Qxd4 Nc6 4. Qc4 e6 5. e4 d6 6. Nf3 Nf6 7. Bg5 Be7 8.
Be2 O-O 9. Bxf6 Bxf6 10. Rd1 a6 11. a3 Qc7 12. b4 b5 13. Qd3 Nxb4 14. axb4
Qxc3+ 15. Qxc3 Bxc3+ 16. Nd2 Bxb4 17. O-O Bb7 18. f3 Rfc8 19. c4 Bxd2 20. Rxd2
bxc4 21. Rxd6 a5 22. Rb1 c3 23. Bd3 Bc6 24. Bc2 Kf8 25. Rb6 Be8 26. Kf2 Ke7 27.
e5 Rab8 28. Ke3 a4 29. Rxb8 Rxb8 30. Ra6 Rd8 31. Ra7+ Kf8 32. Bd3 Rb8 33. Kd4
Rc8 34. Bc2 f6 35. f4 Bg6 36. Bxa4 c2 37. Bxc2 Rxc2 38. Ra8+ Be8 39. exf6 gxf6
40. Ra7 Bf7 41. Ra8+ Kg7 42. g4 Rxh2 43. g5 fxg5 44. fxg5 Rg2 45. Ra5 Kg6 0-1

[Event "Open 2004 des PSV Rostock"]
[Site "Rostock"]
[Date "2004.08.28"]
[Round "5.29"]
[White "Heinisch, Uwe"]
[Black "Boehm, Matthias"]
[Result "1/2-1/2"]
[WhiteElo "1587"]
[BlackElo "1704"]
[PlyCount "40"]
[EventDate "2004.08.26"]
[EventType "swiss"]
[EventRounds "7"]
[EventCountry "GER"]
[Source "Th. Schwetlick"]
[SourceDate "2004.09.01"]

1. d4 Nf6 2. Nf3 g6 3. Bg5 Bg7 4. g3 O-O 5. Qc1 Re8 6. Bg2 d5 7. O-O Nbd7 8.
Bh6 Bh8 9. c3 c6 10. Re1 e5 11. dxe5 Nxe5 12. Nxe5 Rxe5 13. Nd2 Re8 14. Nf3 Bg4
15. h3 Bxf3 16. Bxf3 Ne4 17. Be3 f5 18. Bd4 Ng5 19. Bg2 Ne6 20. Qd2 Qg5 1/2-1/2

[Event "Open 2004 des PSV Rostock"]
[Site "Rostock"]
[Date "2004.08.28"]
[Round "5.30"]
[White "Modrow, Andreas"]
[Black "Micheel, Peter"]
[Result "0-1"]
[WhiteElo "1161"]
[BlackElo "1844"]
[PlyCount "152"]
[EventDate "2004.08.26"]
[EventType "swiss"]
[EventRounds "7"]
[EventCountry "GER"]
[Source "Th. Schwetlick"]
[SourceDate "2004.09.01"]

1. e4 d5 2. exd5 Nf6 3. Nf3 Nxd5 4. d4 g6 5. Bc4 Bg7 6. Be3 O-O 7. O-O Nc6 8.
c3 Bg4 9. Nbd2 e5 10. Qb3 Na5 11. Qa4 Nxc4 12. Qxc4 Nxe3 13. fxe3 exd4 14. exd4
Be6 15. Qd3 c5 16. Rad1 cxd4 17. Nxd4 Qb6 18. N2b3 Rad8 19. Qe3 Rd6 20. Nc2
Qxe3+ 21. Nxe3 Rb6 22. Nc5 Rxb2 23. Nxe6 fxe6 24. Rxf8+ Kxf8 25. Rd7 Bxc3 26.
Nd1 Rd2 27. Rxd2 Bxd2 28. Kf2 Ke7 29. Ke2 Bf4 30. h3 Kd6 31. Nc3 Kc5 32. Kd3
Kb4 33. Kc2 a5 34. Ne2 Be5 35. Nc1 Ka3 36. Kb1 Bd4 37. Nb3 Bb6 38. Nd2 Kb4 39.
Ne4 e5 40. Nd6 Kc5 41. Ne4+ Kd4 42. Nd2 Kd3 43. Nf3 e4 44. Ne5+ Ke2 45. Kc2 Kf2
46. g4 e3 47. Nd3+ Kg3 48. Kd1 Kxh3 49. Ne5 Bc7 50. Nc4 Kxg4 51. Nxe3+ Kf3 52.
Nd5 Bd6 53. Ke1 Bc5 54. Kf1 Bd4 55. a4 g5 56. Ne7 g4 57. Nf5 Ba7 58. Nh4+ Kg3
59. Nf5+ Kh2 60. Nh4 g3 61. Nf3+ Kh1 62. Nh4 h5 63. Ng2 b5 64. axb5 a4 65. Ne3
a3 66. Nc2 g2+ 67. Ke2 g1=Q 68. Nxa3 Qe3+ 69. Kd1 Qxa3 70. b6 Bxb6 71. Ke2 Qe3+
72. Kd1 Qf2 73. Kc1 Kg2 74. Kd1 h4 75. Kc1 h3 76. Kd1 h2 0-1

[Event "Open 2004 des PSV Rostock"]
[Site "Rostock"]
[Date "2004.08.28"]
[Round "5.31"]
[White "Schmidt, Wolfgang"]
[Black "Rath, Wolfgang"]
[Result "0-1"]
[WhiteElo "1859"]
[BlackElo "1642"]
[PlyCount "90"]
[EventDate "2004.08.26"]
[EventType "swiss"]
[EventRounds "7"]
[EventCountry "GER"]
[Source "Th. Schwetlick"]
[SourceDate "2004.09.01"]

1. d4 Nf6 2. Nf3 g6 3. c4 Bg7 4. Nc3 O-O 5. g3 d6 6. Bg2 Nbd7 7. O-O c5 8. e3
Rb8 9. Qe2 a6 10. e4 Qc7 11. e5 dxe5 12. dxe5 Ne8 13. Nd5 Qd8 14. Bf4 e6 15.
Nf6+ Kh8 16. Rad1 Qe7 17. Ne4 h6 18. h4 b5 19. cxb5 Rxb5 20. b3 Bb7 21. Ned2
Ra5 22. Nc4 Rb5 23. Nfd2 Bxg2 24. Kxg2 Nb6 25. Nxb6 Rxb6 26. Nc4 Rc6 27. Qd2
Kh7 28. Qd7 Rc7 29. Qa4 Ra7 30. Nb6 Qb7+ 31. f3 Qxb6 32. Rd3 Qb5 33. Qe4 Nc7
34. Rfd1 Nd5 35. Bc1 Qb8 36. f4 Qb7 37. Kh2 Nb4 38. Qxb7 Rxb7 39. R3d2 Rc7 40.
Ba3 a5 41. Bc1 c4 42. a3 c3 43. Rd7 c2 44. R1d2 Rxd7 45. Rxd7 Na2 0-1

[Event "Open 2004 des PSV Rostock"]
[Site "Rostock"]
[Date "2004.08.28"]
[Round "5.33"]
[White "Eichstaedt, Enrico"]
[Black "Worm, Alfred"]
[Result "1-0"]
[WhiteElo "1555"]
[BlackElo "1643"]
[PlyCount "79"]
[EventDate "2004.08.26"]
[EventType "swiss"]
[EventRounds "7"]
[EventCountry "GER"]
[Source "Th. Schwetlick"]
[SourceDate "2004.09.01"]

1. e4 c6 2. d4 d5 3. e5 Bf5 4. Bd3 Bxd3 5. Qxd3 e6 6. f4 c5 7. c3 Qb6 8. Nf3
Nc6 9. O-O Nh6 10. h3 Nf5 11. g4 Ng3 12. Re1 Ne4 13. Nbd2 Nxd2 14. Bxd2 O-O-O
15. Rab1 h5 16. g5 g6 17. b4 c4 18. Qc2 Ne7 19. Nh4 Bg7 20. a4 a6 21. Ra1 Kd7
22. Reb1 Ra8 23. Bc1 Rhc8 24. Ba3 Nc6 25. Nf3 Bf8 26. b5 Na5 27. Bxf8 Rxf8 28.
Nd2 Rfb8 29. bxa6 Qxa6 30. Rb5 b6 31. Qb2 Qb7 32. Qb4 Qc7 33. Rb1 Nc6 34. Qa3
Rb7 35. Kf2 Na7 36. R5b2 Nc6 37. Ke2 Ne7 38. a5 Rxa5 39. Qxa5 bxa5 40. Rxb7 1-0

[Event "Open 2004 des PSV Rostock"]
[Site "Rostock"]
[Date "2004.08.28"]
[Round "5.34"]
[White "Kurzwig, Andre"]
[Black "Uphoff, Juergen"]
[Result "1/2-1/2"]
[WhiteElo "1398"]
[BlackElo "1445"]
[PlyCount "108"]
[EventDate "2004.08.26"]
[EventType "swiss"]
[EventRounds "7"]
[EventCountry "GER"]
[Source "Th. Schwetlick"]
[SourceDate "2004.09.01"]

1. c4 Nf6 2. g3 e6 3. Bg2 Be7 4. Nc3 O-O 5. d4 Nc6 6. Nf3 d5 7. cxd5 exd5 8.
O-O Bf5 9. Bg5 h6 10. Bxf6 Bxf6 11. e3 Ne7 12. Qb3 Rb8 13. Rac1 c6 14. Qa3 a6
15. b4 Re8 16. Qb2 Nc8 17. a4 Nb6 18. Nd2 Nc4 19. Nxc4 dxc4 20. Rfd1 Qc7 21.
Na2 b5 22. axb5 cxb5 23. Nc3 Be6 24. Nd5 Bxd5 25. Bxd5 Be7 26. Bg2 a5 27. bxa5
Qxa5 28. Ra1 Qb6 29. Qa2 Kf8 30. Qa6 Qxa6 31. Rxa6 b4 32. Rc6 c3 33. Rb1 Rec8
34. Rxc8+ Rxc8 35. Be4 c2 36. Bxc2 Rxc2 37. Ra1 f6 38. Ra8+ Kf7 39. Rb8 Rc3 40.
d5 Kg6 41. Rb6 b3 42. Kg2 Rd3 43. Kf3 Rxd5 44. Rxb3 Bd6 45. Rb7 Be5 46. h4 h5
47. Ke4 Ra5 48. f4 Bc3 49. Rb1 Ra3 50. Rd1 Ba5 51. Rd6 Be1 52. Kf3 Ra2 53. Rd1
Rf2+ 54. Ke4 Ba5 1/2-1/2

[Event "Open 2004 des PSV Rostock"]
[Site "Rostock"]
[Date "2004.08.28"]
[Round "5.36"]
[White "Moeller, Gerhard"]
[Black "Mangold, Thomas"]
[Result "0-1"]
[WhiteElo "1380"]
[BlackElo "1208"]
[PlyCount "98"]
[EventDate "2004.08.26"]
[EventType "swiss"]
[EventRounds "7"]
[EventCountry "GER"]
[Source "Th. Schwetlick"]
[SourceDate "2004.09.01"]

1. Nf3 d5 2. d4 Nf6 3. e3 e6 4. c4 Bd7 5. Nc3 Bb4 6. Qb3 Bxc3+ 7. bxc3 Bc6 8.
Ne5 Nbd7 9. Nxc6 bxc6 10. Ba3 Nb6 11. c5 Nc8 12. Bd3 Ne7 13. O-O O-O 14. Rab1
Rb8 15. Qc2 g6 16. Rxb8 Qxb8 17. Rb1 Qa8 18. Rb4 Rb8 19. Qb3 Nd7 20. e4 a5 21.
Rxb8+ Qxb8 22. Bc1 Qxb3 23. axb3 e5 24. f4 f6 25. fxe5 fxe5 26. Bg5 Kf7 27. Bd2
Kf6 28. c4 exd4 29. Bxa5 Nxc5 30. Bc2 dxe4 31. Bxc7 d3 32. Bd1 e3 33. Ba5 e2
34. Bxe2 dxe2 35. Kf2 Nxb3 36. Bc3+ Kf5 37. Kxe2 Ke4 38. Bb4 c5 39. Bc3 Nc6 40.
Bg7 Nca5 41. Bh6 Nxc4 42. g4 Nd4+ 43. Kf2 Ne5 44. h3 c4 45. Kg3 c3 46. Bg7 c2
47. Bh6 c1=Q 48. Bxc1 Ne2+ 49. Kh4 Nf3# 0-1

[Event "Open 2004 des PSV Rostock"]
[Site "Rostock"]
[Date "2004.08.28"]
[Round "6.1"]
[White "Hetey, Laszlo"]
[Black "Rudolf, Henrik"]
[Result "0-1"]
[WhiteElo "2336"]
[BlackElo "2322"]
[PlyCount "124"]
[EventDate "2004.08.26"]
[EventType "swiss"]
[EventRounds "7"]
[EventCountry "GER"]
[Source "Th. Schwetlick"]
[SourceDate "2004.09.01"]

1. d4 Nf6 2. c4 g6 3. Nc3 Bg7 4. e4 d6 5. Nf3 O-O 6. Be2 e5 7. dxe5 dxe5 8.
Qxd8 Rxd8 9. Nd5 Nxd5 10. cxd5 c6 11. Bc4 cxd5 12. Bxd5 Nd7 13. Bg5 Re8 14. Nd2
Nc5 15. Be3 Nd3+ 16. Ke2 Nf4+ 17. Bxf4 exf4 18. Rac1 Bxb2 19. Rc7 Be6 20. Bxe6
Rxe6 21. Rxb7 Bc3 22. Nb1 Rxe4+ 23. Kf3 Rb4 24. Rxb4 Bxb4 25. Rc1 Rb8 26. Rc2
Kg7 27. Rb2 f5 28. Nc3 g5 29. Nd5 g4+ 30. Ke2 Bd6 31. Rxb8 Bxb8 32. Ne7 Bc7 33.
Nxf5+ Kf6 34. Nd4 Bb6 35. Nb5 Ke5 36. f3 g3 37. h3 a6 38. Nc3 Kd4 39. Ne4 Bd8
40. Kd2 Be7 41. Ke2 h6 42. Kd2 Kc4 43. Kc2 Bb4 44. Nf6 Kd4 45. Kd1 Be7 46. Ne4
Ke3 47. Ke1 a5 48. a4 Kd3 49. Kf1 Bb4 50. Nf6 Kc4 51. Nd7 Kb3 52. Nb6 Bc5 53.
Nd7 Be3 54. Ne5 Kxa4 55. Nc6 Kb5 56. Nxa5 Kxa5 57. Ke2 Kb4 58. Kd3 Kb3 59. Ke2
Kc2 60. Kf1 Kd1 61. h4 Kd2 62. h5 Kd3 0-1

[Event "Open 2004 des PSV Rostock"]
[Site "Rostock"]
[Date "2004.08.28"]
[Round "6.2"]
[White "Weglarz, Leszek"]
[Black "Lisek, Juergen"]
[Result "1/2-1/2"]
[WhiteElo "2305"]
[BlackElo "2290"]
[PlyCount "74"]
[EventDate "2004.08.26"]
[EventType "swiss"]
[EventRounds "7"]
[EventCountry "GER"]
[Source "Th. Schwetlick"]
[SourceDate "2004.09.01"]

1. Nf3 c5 2. e3 Nf6 3. d4 e6 4. Be2 b6 5. O-O Bb7 6. a4 Be7 7. a5 O-O 8. Nbd2
d6 9. axb6 axb6 10. Rxa8 Bxa8 11. b3 Nbd7 12. Bb2 Bc6 13. c4 Qb8 14. Qc2 Qb7
15. Ra1 Ne4 16. Bf1 f5 17. Ne1 Bg5 18. Nd3 Ndf6 19. f4 Bh6 20. Nxe4 Bxe4 21.
Qd2 Qc7 22. Nf2 Bb7 23. dxc5 bxc5 24. b4 e5 25. bxc5 exf4 26. exf4 dxc5 27. g3
Qc6 28. Bxf6 Rxf6 29. Rd1 g6 30. Qd7 Bg7 31. Qxc6 Bxc6 32. Bg2 Bxg2 33. Kxg2
Ra6 34. Rd8+ Kf7 35. Rd7+ Kg8 36. Rd8+ Kf7 37. Rd7+ Kg8 1/2-1/2

[Event "Open 2004 des PSV Rostock"]
[Site "Rostock"]
[Date "2004.08.28"]
[Round "6.3"]
[White "Seils, Joerg"]
[Black "Kliewe, Hans Juergen"]
[Result "1-0"]
[WhiteElo "2366"]
[BlackElo "2178"]
[PlyCount "82"]
[EventDate "2004.08.26"]
[EventType "swiss"]
[EventRounds "7"]
[EventCountry "GER"]
[Source "Th. Schwetlick"]
[SourceDate "2004.09.01"]

1. e4 e6 2. d4 d5 3. Nc3 Bb4 4. e5 c5 5. Bd2 Ne7 6. a3 Bxc3 7. Bxc3 Nbc6 8. Nf3
cxd4 9. Nxd4 O-O 10. f4 Nf5 11. Nxf5 exf5 12. Qd2 Qb6 13. O-O-O Be6 14. Bd4
Nxd4 15. Qxd4 Qc6 16. Bd3 b5 17. g4 Qd7 18. Rdg1 Rfc8 19. gxf5 Bxf5 20. Rxg7+
Kf8 21. Rg5 Bxd3 22. Qxd3 Rc4 23. Qxh7 Qc6 24. Rg8+ Ke7 25. Rxa8 Qxa8 26. Qh4+
Kd7 27. Qf6 Qg8 28. Rd1 Qg2 29. Qxf7+ Kc6 30. Qe6+ Kc7 31. Qd6+ Kc8 32. c3 Qxh2
33. Qa6+ Kb8 34. Qxb5+ Kc7 35. Kb1 Qxf4 36. Rxd5 Qf5+ 37. Ka2 Rc6 38. Qa5+ Kb7
39. Qb4+ Rb6 40. Qe7+ Ka6 41. Rd7 Qe4 1-0

[Event "Open 2004 des PSV Rostock"]
[Site "Rostock"]
[Date "2004.08.28"]
[Round "6.4"]
[White "Drill, Frank"]
[Black "Gottschalk, Jens"]
[Result "1/2-1/2"]
[WhiteElo "2175"]
[BlackElo "2239"]
[PlyCount "23"]
[EventDate "2004.08.26"]
[EventType "swiss"]
[EventRounds "7"]
[EventCountry "GER"]
[Source "Th. Schwetlick"]
[SourceDate "2004.09.01"]

1. d4 Nf6 2. Nc3 d5 3. e4 Nxe4 4. Nxe4 dxe4 5. Bc4 g6 6. f3 Bg7 7. c3 e3 8.
Bxe3 Nd7 9. Qd2 O-O 10. Bh6 e5 11. Bxg7 Kxg7 12. O-O-O 1/2-1/2

[Event "Open 2004 des PSV Rostock"]
[Site "Rostock"]
[Date "2004.08.28"]
[Round "6.6"]
[White "Zimmermann, Hendrik"]
[Black "Schoenrock, Ruediger"]
[Result "1-0"]
[WhiteElo "2105"]
[BlackElo "2197"]
[PlyCount "63"]
[EventDate "2004.08.26"]
[EventType "swiss"]
[EventRounds "7"]
[EventCountry "GER"]
[Source "Th. Schwetlick"]
[SourceDate "2004.09.01"]

1. d4 d5 2. c4 c6 3. Nf3 Nf6 4. Nc3 dxc4 5. a4 Na6 6. e4 Be6 7. Ne5 Qa5 8. f3
Qb4 9. a5 Rd8 10. Ra4 Qd6 11. Be3 c5 12. Nxc4 Bxc4 13. Bxc4 cxd4 14. Bb5+ Nd7
15. Rxd4 Qc7 16. Bf4 Qc8 17. O-O e6 18. Rc4 Bc5+ 19. Kh1 O-O 20. Bxa6 bxa6 21.
b4 Ne5 22. Rxc5 Rxd1 23. Rxd1 Qb7 24. Bxe5 Rc8 25. Rc7 Qb8 26. Rcd7 Qa8 27. Bd4
f6 28. Bxa7 Qc6 29. Bc5 Re8 30. R1d6 Qc8 31. Ra7 f5 32. Rdd7 1-0

[Event "Open 2004 des PSV Rostock"]
[Site "Rostock"]
[Date "2004.08.28"]
[Round "6.7"]
[White "Ruebensam, Helmut"]
[Black "Kramps, Rene"]
[Result "1-0"]
[WhiteElo "2184"]
[BlackElo "2010"]
[PlyCount "116"]
[EventDate "2004.08.26"]
[EventType "swiss"]
[EventRounds "7"]
[EventCountry "GER"]
[Source "Th. Schwetlick"]
[SourceDate "2004.09.01"]

1. e4 e6 2. d4 c5 3. d5 exd5 4. exd5 d6 5. Nf3 Nf6 6. c4 Be7 7. Bd3 O-O 8. h3
Na6 9. Nc3 Nc7 10. a4 h6 11. O-O Re8 12. Bf4 Bf8 13. Qd2 b6 14. Ra3 a5 15. Bb1
Bd7 16. Qc1 Qc8 17. Bh2 Bf5 18. Qf4 Bxb1 19. Rxb1 Qd8 20. g4 g6 21. Kh1 Ra7 22.
Rg1 Na6 23. Raa1 Nb4 24. Rad1 Rd7 25. Rd2 Bg7 26. Kg2 Ree7 27. Re1 Rxe1 28.
Nxe1 Kh7 29. Re2 Na6 30. Bg3 Nc7 31. Qf3 Re7 32. Nd3 Rxe2 33. Qxe2 Bf8 34. f3
Qe8 35. Kf1 Qxe2+ 36. Kxe2 g5 37. Nf2 Kg6 38. f4 gxf4 39. Bxf4 Nfe8 40. Bg3 f5
41. Bh4 Nf6 42. Kf3 Bg7 43. Kf4 fxg4 44. hxg4 h5 45. Bxf6 Bxf6 46. gxh5+ Kxh5
47. Kf5 Be5 48. Ng4 Bd4 49. Nf6+ Kh6 50. Nd7 Kg7 51. Nxb6 Bxc3 52. bxc3 Kf7 53.
Nc8 Ne8 54. Na7 Ke7 55. Nc6+ Kd7 56. Nxa5 Nc7 57. Nc6 Na8 58. a5 Kc7 1-0

[Event "Open 2004 des PSV Rostock"]
[Site "Rostock"]
[Date "2004.08.28"]
[Round "6.9"]
[White "Miersch, Marco"]
[Black "Schuetze, Tonio"]
[Result "1/2-1/2"]
[WhiteElo "2176"]
[BlackElo "2063"]
[PlyCount "98"]
[EventDate "2004.08.26"]
[EventType "swiss"]
[EventRounds "7"]
[EventCountry "GER"]
[Source "Th. Schwetlick"]
[SourceDate "2004.09.01"]

1. e4 c5 2. Nf3 d6 3. d4 cxd4 4. Nxd4 Nf6 5. Nc3 a6 6. Bg5 e6 7. Qd2 Nbd7 8.
Bd3 b5 9. f3 Qc7 10. O-O Bb7 11. Kh1 Be7 12. a4 b4 13. Nce2 d5 14. exd5 Nxd5
15. Bxe7 Kxe7 16. c4 bxc3 17. Nxc3 Nxc3 18. Qg5+ Kf8 19. Rfc1 Qe5 20. Qxe5 Nxe5
21. Rxc3 Nxd3 22. Rxd3 Ke7 23. Kg1 Rab8 24. b4 Bd5 25. b5 axb5 26. axb5 Rhc8
27. Ra7+ Kf6 28. Kf2 e5 29. Ra6+ Kg5 30. h4+ Kxh4 31. Nf5+ Kg5 32. Rxd5 Kxf5
33. g4+ Kf4 34. Ra4+ Kg5 35. Rxe5+ Kg6 36. Rb4 Rb6 37. Ke3 Rc3+ 38. Ke4 f6 39.
Rf5 Kf7 40. Kd4 Rc1 41. Rc4 Rb1 42. Rcc5 g6 43. Rfd5 Rb7 44. Kc4 Rc1+ 45. Kb3
Rb1+ 46. Kc2 Rb4 47. Kc3 Rb1 48. f4 h6 49. f5 g5 1/2-1/2

[Event "Open 2004 des PSV Rostock"]
[Site "Rostock"]
[Date "2004.08.28"]
[Round "6.11"]
[White "Hornych, Christoph"]
[Black "Bauer, Burkhardt"]
[Result "1-0"]
[WhiteElo "2157"]
[BlackElo "1977"]
[PlyCount "93"]
[EventDate "2004.08.26"]
[EventType "swiss"]
[EventRounds "7"]
[EventCountry "GER"]
[Source "Th. Schwetlick"]
[SourceDate "2004.09.01"]

1. e4 c5 2. Nf3 Nc6 3. d4 cxd4 4. Nxd4 Nf6 5. Nc3 e5 6. Ndb5 d6 7. Nd5 Nxd5 8.
exd5 Ne7 9. c4 Ng6 10. Be2 Be7 11. O-O O-O 12. Be3 a6 13. Nc3 Bg5 14. Qd2 Bxe3
15. fxe3 f5 16. b4 Bd7 17. Kh1 Qh4 18. Rac1 Rac8 19. Nd1 f4 20. e4 Bg4 21. Bf3
Qh5 22. Bxg4 Qxg4 23. Nf2 Qg5 24. Nh3 Qh5 25. Ng1 Nh4 26. Nf3 g5 27. c5 g4 28.
Ng1 Qh6 29. cxd6 Rxc1 30. Qxc1 Qxd6 31. Qc5 Qf6 32. Qf2 Ng6 33. Rd1 Rd8 34. Rd3
h5 35. Qc5 Nf8 36. Rc3 Rd7 37. a4 h4 38. a5 Rg7 39. h3 gxh3 40. Rxh3 Qg6 41.
Qc2 Nd7 42. Nf3 Qd6 43. Nxh4 Rh7 44. Qc8+ Kf7 45. Nf5 Rxh3+ 46. gxh3 Qxb4 47.
Qxd7+ 1-0

[Event "Open 2004 des PSV Rostock"]
[Site "Rostock"]
[Date "2004.08.28"]
[Round "6.12"]
[White "Von Rahden, Arvid"]
[Black "Luetje, Juergen"]
[Result "0-1"]
[WhiteElo "2145"]
[BlackElo "1995"]
[PlyCount "90"]
[EventDate "2004.08.26"]
[EventType "swiss"]
[EventRounds "7"]
[EventCountry "GER"]
[Source "Th. Schwetlick"]
[SourceDate "2004.09.01"]

1. e4 c5 2. Nc3 Nc6 3. g3 g6 4. Bg2 Bg7 5. d3 d6 6. f4 e6 7. Nf3 Nge7 8. O-O
O-O 9. Ne2 Rb8 10. a4 a6 11. c3 b5 12. axb5 axb5 13. d4 c4 14. Be3 d5 15. e5 b4
16. g4 Bd7 17. Nh4 bxc3 18. bxc3 Rb3 19. Qe1 Kh8 20. f5 exf5 21. gxf5 Nxf5 22.
Nxf5 Bxf5 23. Rxf5 gxf5 24. Ng3 Qd7 25. Nh5 f6 26. e6 Qd8 27. Nf4 Ne7 28. Ra7
Rg8 29. Qh4 Rb1+ 30. Kf2 Rb2+ 31. Kf3 Rxg2 32. Kxg2 Bh6+ 33. Kf3 Bg5 34. Qh5
Rg7 35. Rd7 Qg8 36. Qh3 Bxf4 37. Bxf4 Qxe6 38. Rd8+ Ng8 39. Be3 Qe4+ 40. Kf2 f4
41. Bd2 Qc2 42. Qe6 Qxd2+ 43. Kf1 Qd1+ 44. Kf2 Qg1+ 45. Ke2 Rg2+ 0-1

[Event "Open 2004 des PSV Rostock"]
[Site "Rostock"]
[Date "2004.08.28"]
[Round "6.13"]
[White "Kutschke, Peter"]
[Black "Wiecker, Stefan"]
[Result "1-0"]
[WhiteElo "2128"]
[BlackElo "1740"]
[PlyCount "49"]
[EventDate "2004.08.26"]
[EventType "swiss"]
[EventRounds "7"]
[EventCountry "GER"]
[Source "Th. Schwetlick"]
[SourceDate "2004.09.01"]

1. e4 c6 2. c4 e5 3. Nc3 Nf6 4. Nf3 d6 5. d4 Nbd7 6. Be2 Be7 7. O-O Qc7 8. h3
O-O 9. Be3 Re8 10. Qc2 Bf8 11. Rac1 g6 12. Rfd1 Bg7 13. d5 Nf8 14. c5 dxc5 15.
Bxc5 Bh6 16. Rb1 N8d7 17. d6 Qd8 18. Ba3 Nb6 19. b3 Nh5 20. Bf1 Qf6 21. Nh2 Nf4
22. Ne2 Nxe2+ 23. Bxe2 Bf8 24. Bc5 h5 25. Bxb6 1-0

[Event "Open 2004 des PSV Rostock"]
[Site "Rostock"]
[Date "2004.08.28"]
[Round "6.14"]
[White "Calder, Dennis"]
[Black "Brack, Peter"]
[Result "1/2-1/2"]
[WhiteElo "2102"]
[BlackElo "1918"]
[PlyCount "46"]
[EventDate "2004.08.26"]
[EventType "swiss"]
[EventRounds "7"]
[EventCountry "GER"]
[Source "Th. Schwetlick"]
[SourceDate "2004.09.01"]

1. d4 d5 2. Nf3 Nf6 3. Bg5 c6 4. e3 Nbd7 5. Nbd2 g6 6. Bd3 Bg7 7. Qe2 Qb6 8.
Rb1 O-O 9. O-O Re8 10. c4 h6 11. Bxf6 Nxf6 12. cxd5 Nxd5 13. Bc4 Be6 14. Nb3
Qb4 15. Rfc1 Red8 16. a3 Qd6 17. Nc5 Bc8 18. Nd3 Nb6 19. Ba2 Bg4 20. h3 Bxf3
21. Qxf3 e6 22. Nc5 Rab8 23. Ne4 Qe7 1/2-1/2